| 000 | 01437nam a2200433 i 4500 | ||
|---|---|---|---|
| 001 | 40475 | ||
| 003 | KOSZ 005 | ||
| 005 | 20240405063132.0 | ||
| 008 | 011017s2001 pl a |000 0 pol | ||
| 015 | _aPB 2001/17494 | ||
| 020 | _a8391097749 | ||
| 040 |
_aWA N _cWA N _dKOSZ 005/HR |
||
| 041 | 0 | _apol | |
| 046 | _k2001 | ||
| 080 | _a324(438)"1989/..." | ||
| 100 | 1 |
_aPiasecki, Andrzej K. _d(1962- ) _eAutor |
|
| 245 | 1 | 0 |
_aWybory i referenda w Polsce (1989-2000) : _bskrypt i materiały źródłowe / _cAndrzej K. Piasecki. |
| 246 | 1 | 4 | _aWybory, referenda 1989-2000. |
| 260 |
_aZielona Góra ; _a[Turek : _bAndrzej Piasecki], _c2001. |
||
| 300 |
_a170 s. : _bil., mapy ; _c24 cm. |
||
| 336 |
_2rdacontent _aTekst _btxt |
||
| 337 |
_2rdamedia _aBez urządzenia pośredniczącego _bn |
||
| 338 |
_2rdacarrier _aWolumin _bnc |
||
| 380 | _aKsiążki | ||
| 380 | _aPublikacje dydaktyczne | ||
| 385 |
_mPoziom nauczania _aSzkoły wyższe |
||
| 388 | _a2001- | ||
| 500 | _aTyt. okł. : Wybory, referenda 1989-2000. | ||
| 504 | _aBibliogr. | ||
| 648 | 4 | _a1901-2000 | |
| 648 | 4 | _a1989-2000 | |
| 650 | 4 | _aReferendum | |
| 650 | 4 | _aWybory | |
| 651 | 4 | _aPolska | |
| 655 | 4 | _aPodręcznik | |
| 658 | _aPolityka, politologia, administracja publiczna | ||
| 856 |
_uhttp://koha.tu.koszalin.pl/cgi-bin/koha/opac-detail.pl?biblionumber=40475 _yKatalog online BPK |
||
| 942 |
_2UKD _cKS |
||
| 999 |
_c40475 _d40475 |
||